000 00555nam a2200181Ia 4500
008 090123s9999 xx 000 0 und d
082 _b3423
_a891.463/फाटक
100 _aफाटक अनंत
245 _aनाती नियतीची
250 _a1
260 _bकेसरी मुद्रणालय
_c1973
300 _a128
600 _aफाटक अनंत
630 _aनाती नियतीची
700 _aफाटक अनंत
730 _aनाती नियतीची
942 _cBOOK
999 _c41503
_d41503